| 000 | 01524cam a2200373 a 4500 | ||
|---|---|---|---|
| 001 | EDZ0000076814 | ||
| 003 | StDuBDS | ||
| 005 | 20161031105126.0 | ||
| 006 | m||||||||d|||||||| | ||
| 007 | cr ||||||||||| | ||
| 008 | 120418s2005 caua fo| 001|0|eng|d | ||
| 020 |
_a9781452233574 (ebook) : _cNo price |
||
| 040 |
_aStDuBDS _beng _cStDuBDS _epn |
||
| 049 | _aAlfaisal Main Library | ||
| 050 | 0 |
_aBF713.5 _b.E95 2005 |
|
| 082 | 0 | 4 |
_a155.7 _223 |
| 245 | 0 | 0 |
_aEvolutionary perspectives on human development _h[electronic resource] / _ceditors, Robert L. Burgess and Kevin MacDonald. |
| 250 | _a2nd ed. | ||
| 260 |
_aThousand Oaks, Calif. ; _aLondon : _bSAGE, _cc2005. |
||
| 300 |
_a1 online resource (xii, 452 p.) : _bill. |
||
| 504 | _aIncludes bibliographical references and indexes. | ||
| 520 | 8 | _a'Evolutionary Perspectives on Human Development' offers students a comprehensive introduction to the impact of evolutionary theory on human development, with contributions from leading scholars & researchers. | |
| 521 | _aSpecialized. | ||
| 588 | _aDescription based on print version record. | ||
| 650 | 0 | _aDevelopmental psychology. | |
| 650 | 0 | _aEvolutionary psychology. | |
| 655 | 7 |
_aElectronic books. _2local |
|
| 700 | 1 | _aBurgess, Robert G. | |
| 700 | 1 | _aMacDonald, Kevin B. | |
| 710 | 2 | _aSage eBooks | |
| 776 | 0 | 8 |
_iPrint version : _z9780761927907 |
| 856 | 4 | 0 | _uhttp://ezproxy.alfaisal.edu/login?url=http://sk.sagepub.com/books/evolutionary-perspectives-on-human-development-2e |
| 942 |
_2lcc _cEBOOKS |
||
| 999 |
_c479840 _d479840 |
||